Great Gatsby Musical Cast Quiz - Statistics

General Stats
  • This quiz has been taken 35 times
  • The average score is 6 of 29
Answer Stats
Hint Answer % Correct
Jay Gatsby Jeremy Jordan
100%
Daisy Buchanan Eva Noblezada
81%
Jordan Baker Samantha Pauly
72%
Nick Carraway Noah J. Ricketts
59%
Myrtle Wilson Sara Chase
50%
Gilda Grey Dariana Mullen
28%
Meyer Wolfsheim Eric Anderson
28%
Tom Buchanan John Zdrojeski
28%
George Wilson Paul Whitty
25%
Swing Alex Prakken
13%
Ensemble Austin Colby
13%
Swing Carissa Gaughran
13%
Mr. McKee Dan Rosales
13%
Mrs. Mckee Kayla Pecchioni
13%
Catherine Ryah Nixon
13%
Swing Samantha Pollino
13%
Ensemble Katie Webber
9%
Ensemble Traci Elaine Lee
9%
Swing Brandon. J Large
6%
Ensemble Curtis Holland
6%
Ensemble Dave Schoonover
6%
Ensemble Derek Jordan Taylor
6%
Swing Jake Trammel
6%
Swing Jasmine Pearl Villaroel
6%
Swing Kurt Csolak
6%
Swing Morgan Harrison
3%
Ensemble Pascal Pastrana
3%
Ensemble Raymond Baynard
3%
Ensemble Tanairi Sade Vazquez
3%
No matching quizzes found
Score Distribution
Percent of People with Each Score
Percentile by Number Answered
Your Score History
You have not taken this quiz